[Event "Manizales op 30th"]
[Site "Manizales"]
[Date "2025.01.09"]
[Round "2"]
[White "Cardozo Camargo, Aldo"]
[Black "Palacio Zapata, Samuel David"]
[Result "1/2-1/2"]
[WhiteElo "1672"]
[BlackElo "1600"]
[PlyCount "118"]
[EventDate "2025.01.08"]
[EventType "tourn"]
[EventRounds "7"]
[EventCountry "COL"]
[SourceTitle "CB03_2025"]
[SourceDate "2025.01.15"]
[SourceVersion "1"]
[SourceVersionDate "2025.01.15"]
[SourceQuality "1"]

1. e4 c5 2. Nf3 e6 3. d4 cxd4 4. Nxd4 a6 5. Be2 d6 6. 0-0 Nf6 7. Nc3 h6 8. h3 e5 9. Nb3 Nc6 10. Bf3 Be6 11. Nd5 Be7 12. Nxf6+ Bxf6 13. Re1 0-0 14. Bd2 Qd7 15. Na5 Nxa5 16. Bxa5 b6 17. Bb4 Rfd8 18. a3 a5 19. Bc3 d5 20. exd5 Bxd5 21. Bxe5 Bxe5 22. Rxe5 Bxf3 23. Qxd7 Rxd7 24. gxf3 Rad8 25. Kf1 f6 26. Re6 Rb8 27. Rae1 Kh7 28. Rc6 b5 29. Ree6 Rd1+ 30. Re1 Rbd8 31. Rc5 Rxe1+ 32. Kxe1 Rb8 33. b3 g5 34. a4 bxa4 35. bxa4 Ra8 36. f4 Kg6 37. fxg5 hxg5 38. Kf1 Ra6 39. c4 Kh5 40. Kg2 Kg6 41. Kg3 f5 42. f4 Kf6 43. h4 gxh4+ 44. Kxh4 Kg6 45. Rc8 Kf6 46. c5 Ke6 47. c6 Ra7 48. Kg5 Rg7+ 49. Kh6 Rg3 50. Rd8 Rc3 51. Re8+ Kf6 52. Rf8+ Ke6 53. Ra8 Rxc6 54. Rxa5 Rc4 55. Kg5 Re4 56. Re5+ Rxe5 57. fxe5 Kxe5 58. a5 Kd6 59. a6 Kc7 1/2-1/2